000 00887cam a2200217 4500
001 WB3811-13
008 020321n2002 000 0 eng u
035 _a(Sirsi) u117201
245 _aNature and roads - side by side
260 _c2002
490 _aHighways Agency Press Release
_v(HA456/02) 19 March 2002, (3)
520 _aThe Highways Agency has launched a new Biodiversity Action Plan to protect and enhance wildlife on its land. The Biodiversity Action Plan focuses on 25 priority species and habitats and outlines a 10 year programme to achieve 15 key targets. http://www.highways.gov.uk/news/press_releases/general/19_03_2002a.htm
590 _aWB
650 _aHIGHWAYS AGENCY
650 _aHABITATS
650 _aBIODIVERSITY ACTION PLANS
650 _aNATURE CONSERVATION
650 _aWILDLIFE
690 _aENVIRONMENTAL AND LAND CONSULTANCY
942 _n0
999 _c69828
_d69828